00382nam a2200097Ia 4500008004100000100002000041245012800061260006100189650001500250999001900265160725s9999 xx 000 0 und d aCajili, Ruel A. aSocio-demographic factors as correlates to mental ability and interpersonal relations of children in conflict with the law. bKaizen Research Journal College of PsychologycJune 2013 aPSYCHOLOGY c298038d298038